000 00531nam a2200193Ia 4500
003 GCL
008 140319s9999 xx 000 0 eng d
020 _a0425139646
040 _aGCL /
_cGCL
082 0 4 _a321.00973
_bM M
100 1 _aMARSHALL, WILL
245 1 0 _aMANDATE FOR CHANGE /
_cMARSHALL, WILL
700 1 _aSCHARM, MARTIN
260 _aنيويورك :
_bBERKELEY BOOKS ،
_c1993
300 _a20 CM ؛
_c388 P
650 0 4 _aUNITED STATES - POLITICS AND GOVERNMENT
650 0 4 _aPOLITICAL SCIENCE
942 _2ddc
_cBK
999 _c8872
_d8872